000 01083nmm a2200313 a 4500
001 ocm000709013
003 TR-IsHL
005 20201028142907.0
008 140118s2013 tu tur
007 cr cn
020 _a9786051372372
035 _a709013
_b(N$T)
050 0 4 _aHE9775
_b.N875 2013
090 0 4 _aHE9775
_b.N875 2013
100 1 _aAdıgüzel, Mehmet Bahattin
245 1 0 _aNuri Demirağ: hayallerini uçuran adam
_h[electronic resource] /
_cMehmet Bahattin Adıgüzel
260 _aİstanbul :
_bİstanbul Ticaret Odası,
_c2013
300 _a258 p.
650 4 _aSpor, Seyahat ve Turizm
650 4 _aSports, Travel & Tourism
650 0 _aUlaşım ve iletişim
_x Hava ulaşımı
650 0 _aTransportation and communications
_x Air transportation
650 0 _aHavayolları
_x Biyografi
650 0 _aAirlines
_x Biography
650 0 _aHavacılık
650 0 _aAviation
650 7 _aTRANSPORTATION / Public Transportation
_2bisacsh
856 4 0 _uhttp://search.ebscohost.com/login.aspx?direct=true&scope=site&db=e011xww&AN=709013
999 _c8605
_d8605